000 00583nam a2200205Ii 4500
001 7836
003 CO-ViMGA
008 241108s9999||||xx |||||||||||||| ||und||
040 _aCO-ViMGA
_bspa
_erda
_cCO-ViMGA
041 0 _aunk
082 0 4 _a862.2-R741c
100 1 _aFernando de Rojas
_946817
245 1 0 _aLa celestina
264 1 _a[Lugar de publicación no identificado] : Bedout, 1973
300 _avolumen
336 _atext
_btxt
_2rdacontent
337 _aunmediated
_bn
_2rdamedia
338 _avolume
_bnc
_2rdacarrier
940 _aidficha_siabuc: 7661. -- ficha_no_siabuc:7836
999 _c51540
_d51540